000
00245nam a2200097Ia 4500
001
682313
005
20250826161416.0
008
250824s9999 xx 000 0 und d
245
0
_a
İÇİMDE KIZIL BİR GÜL GİBİ
_c
AYŞE KULİN
260
_b
EVEREST
999
_c
682313
_d
682313